Principles of Physiology For The Anaesthetist (Record no. 10550)

MARC details
000 -LEADER
fixed length control field 00332pam a2200145 a 4500
020 ## - INTERNATIONAL STANDARD BOOK NUMBER
Terms of availability
041 ## - LANGUAGE CODE
Language code of original
082 ## - DEWEY DECIMAL CLASSIFICATION NUMBER
Classification number 617.96
Item number POW
100 ## - MAIN ENTRY--PERSONAL NAME
Personal name Ian Power .
245 ## - TITLE STATEMENT
Title Principles of Physiology For The Anaesthetist
Medium Textual Documents
250 ## - EDITION STATEMENT
Edition statement 2nd ed. .
260 ## - PUBLICATION, DISTRIBUTION, ETC.
Name of publisher, distributor, etc. Hodder Arnold
Date of publication, distribution, etc. 2008
300 ## - PHYSICAL DESCRIPTION
Extent 472.
930 ## - EQUIVALENCE OR CROSS-REFERENCE-UNIFORM TITLE HEADING [LOCAL, CANADA]
Uniform title 10557
Holdings
Withdrawn status Lost status Damaged status Not for loan Collection Home library Current library Date acquired Source of acquisition Cost, normal purchase price Total Checkouts Full call number Barcode Date last seen Copy number Price effective from Koha item type
          Medical College, Pune Medical College, Pune 22/01/2015 National Book Depot 3632.27   617.96 POW MCP-16527 06/02/2023 1 06/02/2023 Book